Trapped in poverty: chronic poor in remote tribal areas (Record no. 6089)

MARC details
000 -LEADER
fixed length control field 00570nam a2200193Ia 4500
020 ## - INTERNATIONAL STANDARD BOOK NUMBER
ISBN 8131601501
082 ## - DEWEY DECIMAL CLASSIFICATION NUMBER
Classification number 305.569 SAH-T
100 ## - MAIN ENTRY--AUTHOR NAME
Personal name Sah, D.C.
245 #0 - TITLE STATEMENT
Title Trapped in poverty: chronic poor in remote tribal areas
260 ## - PUBLICATION, DISTRIBUTION, ETC. (IMPRINT)
Place of publication Jaipur
Name of publisher Rawat Publications
Year of publication 2008
300 ## - PHYSICAL DESCRIPTION
Number of Pages xii, 212
504 ## - BIBLIOGRAPHY, ETC. NOTE
Bibliography, etc includes bibliography and index
650 ## - SUBJECT ADDED ENTRY--TOPICAL TERM
Topical Term Tribes
Geographic subdivision Madhya Pradesh
650 ## - SUBJECT ADDED ENTRY--TOPICAL TERM
Topical Term Poverty
Geographic subdivision Madhya Pradesh
650 ## - SUBJECT ADDED ENTRY--TOPICAL TERM
Topical Term Tribes
Form subdivision Sociological aspects
Geographic subdivision Madhaprades
650 ## - SUBJECT ADDED ENTRY--TOPICAL TERM
Topical Term Tribes
Form subdivision Economic aspects
Geographic subdivision Madhaprades
700 ## - ADDED ENTRY--PERSONAL NAME
Personal name Bhatt, Ashish
942 ## - ADDED ENTRY ELEMENTS (KOHA)
Koha item type Books
Holdings
Withdrawn status Lost status Damaged status Not for loan Home library Current library Date acquired Source of acquisition Bill Date Full call number Accession Number Price effective from Koha item type
        NASSDOC Library NASSDOC Library 13/06/2008 Gifted by : Chairman Sect, ICSSR 2008-05-23 305.569 SAH-T 44413 18/04/2019 Books